| 000 | 01433nam0a2200349 4500 | ||
|---|---|---|---|
| 001 | RU\NLR\BIBL_A\022691852 | ||
| 005 | 20260510043502.0 | ||
| 010 |
_a978-5-17-177001-3 _92000 |
||
| 021 |
_aRU _bКН-П-25-068325 _9КН-П-25-6613 |
||
| 035 | _a(NLR Aleph) 022691852 | ||
| 090 |
_a13703407 _c13703407 |
||
| 100 | _a20251219d2025 u y0rusy50 ca | ||
| 101 | 0 | _arus | |
| 102 | _aRU | ||
| 105 | _aach z 000yy | ||
| 181 | 0 |
_ai _baxxe |
|
| 182 | 0 | _an | |
| 200 | 1 |
_aПеле. Бразильская самба _eнеспортивные заметки _fВадим Верник |
|
| 203 |
_aТекст _bвизуальный _cнепосредственный |
||
| 210 |
_aМосква _cАСТ, ОГИЗ _d2025 |
||
| 215 |
_a207 с., [4] л. цв. портр. _cил., портр., факс. _d22 |
||
| 225 | 1 | _aЗвезды века | |
| 300 | _aНа задней сторонке пер. авт.: Вадим Верник, журналист, телеведущий | ||
| 333 | _a12+ | ||
| 600 | 0 |
_aПеле _f1940 - 2022 _jВоспоминания, записки и т.п _91873170 _3RU\NLR\AUTH\66850517 |
|
| 686 | 1 | _aЧ515.783(7Бр)6-8Пеле | |
| 700 | 1 |
_aВерник _bВ. Э. _gВадим Эмильевич |
|
| 702 | 1 |
_4280 _7ca _8rus _aПеле _cпсевдоним _f1940-2022 _9121199 _3RU\NLR\AUTH\7711453 |
|
| 942 | _cBOOK | ||
| 980 | _aNB | ||